Central Library OPAC University of Rajshahi

Cervical cancer screening by simple visual inspection after acetic acid / (Record no. 81841)

MARC details
000 -LEADER
fixed length control field 00973nam a22002537a 4500
001 - CONTROL NUMBER
RUCL Control Number 81841
003 - CONTROL NUMBER IDENTIFIER
rucl marc code BD-RjUL
005 - DATE AND TIME OF LATEST TRANSACTION
control field 20231109095859.0
008 - FIXED-LENGTH DATA ELEMENTS--GENERAL INFORMATION
fixed length control field 230903s2012 bg a|||| m||| 00| 0 eng d
035 ## - SYSTEM CONTROL NUMBER
system control number (BD-RjUL)81841
040 ## - CATALOGING SOURCE
Original cataloging agency BD-RjUL
Language of cataloging eng
Transcribing agency BD-RjUL
Modifying agency BD-RjUL
041 ## - LANGUAGE CODE
Language code of Book eng
082 ## - DEWEY DECIMAL CLASSIFICATION NUMBER
DDC Edition number 23
Classification number 546.24
Author mark and Year YUC 2012
100 ## - MAIN ENTRY--PERSONAL NAME
Personal name Yusuf, Nahid
9 (RLIN) 8761
245 10 - TITLE STATEMENT
Title Cervical cancer screening by simple visual inspection after acetic acid /
Statement of responsibility, etc Submitted By Nahid Yusuf ;
Name of Supervisor/Co-Supervisor Supervisor : Jahan Ara Khanam & Hasina Akhter
260 ## - PUBLICATION, DISTRIBUTION, ETC. (IMPRINT)
Place of publication, distribution, etc Rajshahi :
Name of publisher, distributor, etc Institute of Biological Sciences, University of Rajshahi,
Date of publication, distribution, etc 2012
300 ## - PHYSICAL DESCRIPTION
Pagination vi, 139 leaves :
Other physical details ill, ;
Dimensions 29.cm.
502 ## - DISSERTATION NOTE
Dissertation note Thesis (Ph. D.) -- Institute of Biological Sciences, University of Rajshahi, 2012
504 ## - BIBLIOGRAPHY, ETC. NOTE
Bibliography, etc References : Leaves 135 - 138
650 ## - SUBJECT ADDED ENTRY--TOPICAL TERM
Topical term or geographic name as entry element Acids
Form subdivision Inorganic chemistry
9 (RLIN) 8762
700 ## - ADDED ENTRY--SUPERVISOR/CO-SUPERVISOR NAME
Personal name Khanam, Jahan, Ara, Supervisor
9 (RLIN) 8763
Personal name Akhter, Hasina, Supervisor
9 (RLIN) 8764
942 ## - ADDED ENTRY ELEMENTS (KOHA)
Source of classification or shelving scheme Dewey Decimal Classification
Koha item type Theses
Holdings
Source of classification or shelving scheme Damaged status Not for loan Collection code Permanent Location Current Location Shelving location Date of accession Source of acquisition Full call number Barcode Date last seen Copy number Thesis
Dewey Decimal Classification   Not For Loan Theses Central Library, University of Rajshahi Central Library, University of Rajshahi Documentation Section 15/12/2014 Controller of Exam. R.U. THE 546.24 YUC 2012 D3706 03/09/2023 C-1 Theses